Εγχειρίδιο του νεοελληνιστή : βιβλιογραφίες, λεξικά, εγχειρίδια, κατάλογοι, ευρετήρια, χρονολόγια, κ.ά.

Αποθηκεύτηκε σε:
Λεπτομέρειες βιβλιογραφικής εγγραφής
Κύριος συγγραφέας: Πολίτης, Αλέξης, 1945-
Άλλοι συγγραφείς: Μαθιουδάκη, Μαρία, Σκλαβενίτης, Τριαντάφυλλος Ε., 1948-
Μορφή: Βιβλίο
Γλώσσα:Greek
Δημοσίευση: Ηράκλειο : Πανεπιστημιακές Εκδόσεις Κρήτης, 2002
Θέματα:
Ετικέτες: Προσθήκη ετικέτας
Δεν υπάρχουν, Καταχωρήστε ετικέτα πρώτοι!

MARC

LEADER 00000cam a2200000 i 4500
001 1/36138
008 030527s2002 gre d
020 |a 960-524-146-3 
035 |l 10070008 
040 |a GR-MY-UA  |b gre  |e aacr 
041 0 |a gre 
082 0 |a 489.3 
100 1 |a Πολίτης, Αλέξης,   |d 1945- 
245 1 0 |a Εγχειρίδιο του νεοελληνιστή :  |b βιβλιογραφίες, λεξικά, εγχειρίδια, κατάλογοι, ευρετήρια, χρονολόγια, κ.ά. /  |c συνταγμένα από τον Αλέξη Πολίτη ; με τη συνεργασία της Μαρίας Μαθιουδάκη και του Τριαντάφυλλου Ε. Σκλαβενίτη 
260 |a Ηράκλειο :   |b Πανεπιστημιακές Εκδόσεις Κρήτης,   |c 2002 
300 |a 275 σ. 
650 0 0 |a Greek language, Modern  |x Dictionaries. 
700 1 |a Μαθιουδάκη, Μαρία. 
700 1 |a Σκλαβενίτης, Τριαντάφυλλος Ε.,   |d 1948- 
852 |a INST  |b RHODES  |e 20030527  |h 489.3 ΠΟΛ  |p 005400020510  |q 005400020510  |t BK  |y 0 
901 |a BIBL4-2003-2 
909 |a Ρ  |b 101760 
970 |a ΚΟΥΛΑΚΙΟΤΗ  |b ΛΙΤΣΑ  |z 2003/05/27